000 00481nab a2200145Ia 4500
003 ES-SlBCS
005 20210601133733.0
008 140529s1998 xxu||||| |||| 00| 0 por d
041 _apor
100 1 _aBastos, Maria Helena Camara
_9208974
245 0 2 _aA educaçao do caráter nacional: leituras de formaçao
_c Maria Helena Camara Bastos
650 0 4 _aEducación Nacional
_9208975
773 0 _tEducaçao e Filosofia
_gvol. 12, nº. 23, 1998, págs. 31-50
_wRev1534
942 _cAR
999 _c601327
_d601327